000 00693nam a22002177a 4500
999 _c157659
_d157659
005 20180924122232.0
010 _aENG-124036
020 _a9789353063047
_c850.00
035 _aEN-107568
037 _bDBAD/PUB
082 _a000
245 _aQuantitative Aptitude for CAT /
_ced. by Sharel Simon; Arundhati Roy [and] Vipin Kumar
260 _aNoida
_bPearson
_c2019
270 _a15th Floor, Tower B, Worls Trade Tower, Plot No.1, Block -C
_bNoida (UP)
_e201301
300 _avaious paging.
_c25cm.(pbk)
_bill.
500 _aTrishna Knowledge System
700 _a Simon, Sharel
700 _a Roy, Arundhati
700 _aVipin Kumar
942 _2ddc
_cEN
_h000
_mQUA